Responses for show #7631 - Monday, November 13, 2017

2017 Tournament of Champions semifinal game 1.

Contestants

Lilly Chin, a robotics Ph.D. student at MIT from Decatur, Georgia

Austin Rogers, a bartender from New York, New York

Andrew Pau, an associate professor from Amherst, Ohio

Jeopardy! Round responses

GET AN EDUCATION
STARTS WITH A DOUBLE VOWEL
OHIO
QUEEN-SIZED
MUSIC FOR CHAMPS
LIGHT UP A CIGAR
    $200 8
a magnet school

Triple Stumper
    $200 18
oompah

Austin
    $200 7
a buckeye

Austin
    $200 17
Portugal

Andrew
    $200 5
"We Are The Champions"

Austin
    $200 26
(Alex: Less than a minute to go now.)

Cuba

Austin
    $400 9
a seminary

Austin
    $400 19
eerie

Lilly
    $400 6
(Austin: Who are the Blues?)
(Alex: N--)
(Austin: [*]!)
(Alex: You corrected yourself in time.)
(Austin: Yeah. I did.)

Blue Jackets

Austin
    $400 16
Isabella

Austin
    $400 27
colorado

Lilly
    $600 10
a kindergarten

Austin
    $600 21
ooze

Austin
    $600 1
John Glenn

Andrew
    $600 13
Nefertiti

Andrew
    $600 25
(Andrew: Who is [*]?)
(Alex: Did you sing it? You're right.)
(Andrew: Light Up a Cigar--No.)

Whitney Houston

Andrew
    $600 3
Churchill

Andrew
    $800 11
lycée

Andrew
    $800 22
aardvark

Austin
    $800 2
Cincinnati

Lilly
    $2,600 14
the War of the Austrian Succession

Andrew
    $800 29
[The end-of-round signal sounds.]

top of the world

Triple Stumper
    $800 20
a humidor

Austin
    $1000 12
Plato and Aristotle

Lilly
    $1000 23
an oolong

Lilly
    $1000 4
the cash register

Austin
    $1000 15
Boudicea

Austin
    $1000 28
Megadeth

Triple Stumper
    $1000 24
corona

Lilly

Scores at the first commercial break (after clue 15):

Andrew Austin Lilly
$5,200 $3,800 $1,800

Scores at the end of the Jeopardy! Round:

Andrew Austin Lilly
$6,000 $6,800 $4,600

Double Jeopardy! Round responses

THOSE DARN FRANCISCANS
(Alex: Not Etruscans.)
'90s TV
EARTH SCIENCE
ADD A LETTER
WORLD PLACE NAMES
THEY WROTE IT
    $400 29
(Lilly: What is missionary?)

missions

AustinLilly
    $400 30
Johnny Carson

Austin
    $400 23
solar wind

Triple Stumper
    $400 28
(Alex: From plane.)

planet

Lilly
    $400 27
Victoria

Lilly
    $400 26
Barrie

Austin
    $800 15
Beijing

Andrew
    $800 12
Chuck Norris

Andrew
    $800 22
salinity

Lilly
    $800 24
(Alex: From ruble. Less than a minute.)

rubble

Andrew
    $800 13
(Lilly: What are Mallorca and Majorca?)

Majorca and Minorca

AndrewLilly
    $800 25
(Hermann) Hesse

Lilly
    $1200 7
(Andrew: What is brown?)
(Lilly: What is blue?)

grey

AndrewLilly
Triple Stumper
    $1200 9
NewsRadio

Austin
    $3,000 19
(Lilly: What is the radius of the Earth?)

the circumference of the Earth

Lilly
    $1200 16
(Alex: From liter.)

loiter

Andrew
    $1200 4
Jakarta

Andrew
    $1200 1
Sylvia Plath

Andrew
    $1600 8
(Austin: What are books?)

lost things

AustinLilly
    $1600 10
Northern Exposure

Austin
    $1600 20
sedimentary

Lilly
    $1600 17
rifle (from rife)

Triple Stumper
    $1600 5
Labrador

Triple Stumper
    $1600 2
Julian Fellowes

Andrew
    $2000 14
the mendicant order

Triple Stumper
    $2000 11
Roma Downey

Triple Stumper
    $2000 21
the Van Allen belts

Triple Stumper
    $2000 18
(Alex: From heater.)

heather

Lilly
    $8,000 6
(Alex: Andrew?)
(Andrew: What is Pretoria?)
(Alex: No. You're looking at an impala. And the capital is [*]. It means "hill of the impala.")

Kampala

Andrew
    $2000 3
(Rainer Maria) Rilke

Andrew

Scores at the end of the Double Jeopardy! Round:

Andrew Austin Lilly
$7,200 $9,200 $6,800

[wagering suggestions for these scores]

Final Jeopardy! Round responses

VICE PRESIDENTS
(Alex: [To Andrew] Abe Lincoln's first vice president. The correct response. "The Pied Piper of Hamelin.")
LillyWho is Martin Van Buren
$6,000
AndrewWho is Hannibal Hamlin?
$3,199
AustinWho was Hamlin?
$5,300
Hannibal Hamlin

Final scores:

Andrew Austin Lilly
$10,399 $14,500 $800
2nd place: $10,000 Finalist 3rd place: $10,000

Game dynamics:

Coryat scores:

Andrew Austin Lilly
$13,400 $9,200 $9,800
16 R
(including 1 DD),
2 W
(including 1 DD)
18 R,
1 W
13 R,
4 W
(including 1 DD)

Combined Coryat: $32,400

The J! Archive is created by fans, for fans. The Jeopardy! game show and all elements thereof, including but not limited to copyright and trademark thereto, are the property of Jeopardy Productions, Inc. and are protected under law. This website is not affiliated with, sponsored by, or operated by Jeopardy Productions, Inc. Join the discussion at JBoard.tv.